Effect of using DDGS on quail growth in animal experimental station at royal university of agriculture, ឥទ្ធិពលនៃការប្រើប្រាស់ DDGS លើការលូតលាស់ក្រួចនៅស្ថានីយ៍ពិសោធន៍សត្វ នៃសាកលវិទ្យាល៍យភូមិន្ធកសិកម្ម. (Record no. 2641)
[ view plain ]
| 000 -LEADER | |
|---|---|
| fixed length control field | 00755nam a22001577a 4500 |
| 003 - CONTROL NUMBER IDENTIFIER | |
| control field | OSt |
| 005 - DATE AND TIME OF LATEST TRANSACTION | |
| control field | 20151024155032.0 |
| 008 - FIXED-LENGTH DATA ELEMENTS--GENERAL INFORMATION | |
| fixed length control field | 151024b xxu||||| |||| 00| 0 eng d |
| 040 ## - CATALOGING SOURCE | |
| Transcribing agency | RUA |
| 082 ## - DEWEY DECIMAL CLASSIFICATION NUMBER | |
| Classification number | AVM GOV 2013 B105 Or.1 |
| 100 ## - MAIN ENTRY--PERSONAL NAME | |
| 9 (RLIN) | 2822 |
| Personal name | GOV, SOK LEANG. |
| 245 ## - TITLE STATEMENT | |
| Title | Effect of using DDGS on quail growth in animal experimental station at royal university of agriculture, ឥទ្ធិពលនៃការប្រើប្រាស់ DDGS លើការលូតលាស់ក្រួចនៅស្ថានីយ៍ពិសោធន៍សត្វ នៃសាកលវិទ្យាល៍យភូមិន្ធកសិកម្ម. |
| 260 ## - PUBLICATION, DISTRIBUTION, ETC. (IMPRINT) | |
| Place of publication, distribution, etc. | phnom phen |
| Name of publisher, distributor, etc. | RUA |
| Date of publication, distribution, etc. | 2013 |
| 300 ## - PHYSICAL DESCRIPTION | |
| Extent | X,47p. |
| Other physical details | ill. |
| Dimensions | 29cm. |
| 942 ## - ADDED ENTRY ELEMENTS (KOHA) | |
| Source of classification or shelving scheme | |
| Koha item type | AVM |
| Price effective from | Date last seen | Permanent Location | Not for loan | Date acquired | Source of classification or shelving scheme | Koha item type | Lost status | Withdrawn status | Total Renewals | Date last checked out | Total Checkouts | Shelving location | Damaged status | Barcode | Current Location | Full call number |
|---|---|---|---|---|---|---|---|---|---|---|---|---|---|---|---|---|
| 2015-10-24 | 2015-10-24 | Library Block B | 2015-10-24 | AVM | B105 | RUA017681 | Library Block B | AVM GOV 2013 B105 Or.1 | ||||||||
| 2015-10-24 | 2018-08-20 | Library Block B | 2015-10-24 | AVM | 2018-08-03 | 1 | B105 | RUA018073 | Library Block B | AVM GOV 2013 B105 Or.2 | ||||||
| 2015-10-24 | 2019-01-28 | Library Block B | 2015-10-24 | AVM | 1 | 2018-12-05 | 1 | B105 | RUA018427 | Library Block B | AVM GOV 2013 B105 Or.3 | |||||
| 2015-10-24 | 2015-10-24 | Library Block B | 2015-10-24 | AVM | B105 | RUA018355 | Library Block B | AVM GOV 2013 B105 Or.4 | ||||||||
| 2015-10-24 | 2015-10-24 | Library Block B | 2015-10-24 | AVM | B105 | RUA018426 | Library Block B | AVM GOV 2013 B105 Or.5 | ||||||||
| 2015-10-24 | 2015-10-24 | Library Block B | 2015-10-24 | AVM | B105 | RUA018498 | Library Block B | AVM GOV 2013 B105 Or.6 | ||||||||
| 2015-10-24 | 2019-10-08 | Library Block B | 2015-10-24 | AVM | 2019-08-07 | 2 | B105 | RUA018144 | Library Block B | AVM GOV 2013 B105 Or.7 | ||||||
| 2015-10-24 | 2015-10-24 | Library Block B | 2015-10-24 | AVM | B105 | RUA018360 | Library Block B | AVM GOV 2013 B105 Or.8 |